The failings of monks in Guerric's sermons
| Main Author: | |
|---|---|
| Format: | Print Article |
| Language: | English |
| Check availability: | HBZ Gateway |
| Interlibrary Loan: | Interlibrary Loan for the Fachinformationsdienste (Specialized Information Services in Germany) |
| Published: |
2008
|
| In: |
Cistercian studies quarterly
Year: 2008, Volume: 43, Issue: 4, Pages: 439-463 |
| Standardized Subjects / Keyword chains: | B
Guerricus, Igny, Abt 1070-1157, Sermones per annum
/ Vice
/ Overcoming of
/ Religious life
|
| IxTheo Classification: | KAE Church history 900-1300; high Middle Ages KCA Monasticism; religious orders NCA Ethics |
| Parallel Edition: | Electronic
|
MARC
| LEADER | 00000caa a22000002c 4500 | ||
|---|---|---|---|
| 001 | 164656314X | ||
| 003 | DE-627 | ||
| 005 | 20230817121005.0 | ||
| 007 | tu | ||
| 008 | 160405s2008 xx ||||| 00| ||eng c | ||
| 035 | |a (DE-627)164656314X | ||
| 035 | |a (DE-576)467315485 | ||
| 035 | |a (DE-599)BSZ467315485 | ||
| 040 | |a DE-627 |b ger |c DE-627 |e rakwb | ||
| 041 | |a eng | ||
| 084 | |a 1 |2 ssgn | ||
| 100 | 1 | |0 (DE-588)132009609 |0 (DE-627)516487396 |0 (DE-576)165763361 |4 aut |a Casey, Michael |d 1942- | |
| 109 | |a Casey, Michael 1942- | ||
| 245 | 1 | 4 | |a The failings of monks in Guerric's sermons |
| 264 | 1 | |c 2008 | |
| 336 | |a Text |b txt |2 rdacontent | ||
| 337 | |a ohne Hilfsmittel zu benutzen |b n |2 rdamedia | ||
| 338 | |a Band |b nc |2 rdacarrier | ||
| 652 | |a KAE:KCA:NCA | ||
| 689 | 0 | 0 | |d u |0 (DE-588)1299500013 |0 (DE-627)1856422739 |0 (DE-576)210700378 |a Guerricus |2 gnd |c Igny, Abt |d 1070-1157 |t Sermones per annum |
| 689 | 0 | 1 | |d s |0 (DE-588)4034645-6 |0 (DE-627)10625166X |0 (DE-576)209008156 |2 gnd |a Laster |
| 689 | 0 | 2 | |d s |0 (DE-588)4318318-9 |0 (DE-627)127416633 |0 (DE-576)211200735 |2 gnd |a Überwindung |
| 689 | 0 | 3 | |d s |0 (DE-588)4043735-8 |0 (DE-627)10470473X |0 (DE-576)209057262 |2 gnd |a Ordensleben |
| 689 | 0 | |5 (DE-627) | |
| 773 | 0 | 8 | |i In |t Cistercian studies quarterly |d Trappist, Ky. : Cistercian Studies Quarterly, 1991 |g 43(2008), 4, Seite 439-463 |w (DE-627)182414981 |w (DE-600)1206042-2 |w (DE-576)041618289 |x 1062-6549 |7 nnas |
| 773 | 1 | 8 | |g volume:43 |g year:2008 |g number:4 |g pages:439-463 |
| 776 | |i Erscheint auch als |n elektronische Ausgabe |w (DE-627)1936043084 |k Electronic | ||
| 935 | |a mteo | ||
| 951 | |a AR | ||
| ELC | |b 1 | ||
| ITA | |a 1 |t 1 | ||
| LOK | |0 000 xxxxxcx a22 zn 4500 | ||
| LOK | |0 001 331925538X | ||
| LOK | |0 003 DE-627 | ||
| LOK | |0 004 164656314X | ||
| LOK | |0 005 20160405155635 | ||
| LOK | |0 008 160404||||||||||||||||ger||||||| | ||
| LOK | |0 040 |a DE-Tue135 |c DE-627 |d DE-Tue135 | ||
| LOK | |0 092 |o n | ||
| LOK | |0 852 |a DE-Tue135 | ||
| LOK | |0 852 1 |9 00 | ||
| LOK | |0 935 |a ixzs |a ixmi | ||
| LOK | |0 936ln |0 1442044462 |a KAE | ||
| LOK | |0 936ln |0 1442052465 |a NCA | ||
| LOK | |0 936ln |0 1442049448 |a KCA | ||
| LOK | |0 939 |a 04-04-16 |b l01 | ||
| ORI | |a SA-MARC-ixtheoa001.raw | ||
| STA | 0 | 0 | |a Overcoming of,Religious life,Religious life,Monastic life,Order life,Vice,Vice,Bad habit,Evil habit |
| STB | 0 | 0 | |a Surpassement,Dépassement,Dépassement,Vice,Vice,Vie consacrée,Vie consacrée |
| STC | 0 | 0 | |a Superación,Vicio,Vicio,Vida religiosa,Vida religiosa |
| STD | 0 | 0 | |a Superamento,Vita consacrata,Vita consacrata,Vizio,Vizio |
| STE | 0 | 0 | |a 修道院生活,修道院生活,修会生活,修会生活,克服,恶习,恶习,恶行,坏习惯,恶行,坏习惯 |
| STF | 0 | 0 | |a 修道院生活,修道院生活,修會生活,修會生活,克服,惡習,惡習,惡行,壞習慣,惡行,壞習慣 |
| STG | 0 | 0 | |a Superação,Vida religiosa,Vida religiosa,Vício,Vício |
| STH | 0 | 0 | |a Жизнь в монашеском ордене (мотив),Жизнь в монашеском ордене,Порок (мотив),Порок,Преодоление |
| STI | 0 | 0 | |a Ελάττωμα (μοτίβο),Ελάττωμα,Θρησκευτική ζωή (μοτίβο),Θρησκευτική ζωή,Υπερνίκηση,Υπέρβαση |
| SYG | 0 | 0 | |a Guerricus,Igny, Abt,1070-1157,Sermones , Lasterhaftigkeit , Klosterleben,Vita consecrata,Vita consacrata,Geweihtes Leben |